RC Celta de Vigo Squad 2020-2021 - Statistics

General Stats
  • This quiz has been taken 26 times
    25 since last reset
  • The average score is 18 of 27
Answer Stats
# Position Nation Player % Correct
10 FW Spain Iago Aspas
100%
2 DF Spain Hugo Mallo
92%
14 MF Peru Renato Tapia
92%
11 FW Turkey Emre Mor
83%
8 MF Spain Fran Beltrán
83%
1 GK Spain Iván Villar
83%
18 DF Ghana Joseph Aidoo
83%
13 GK Spain Rubén Blanco
83%
23 FW Spain Brais Méndez
75%
24 DF Colombia Jeison Murillo
75%
4 DF Mexico Néstor Araújo
75%
- Coach Spain Óscar García
75%
17 DF Spain David Juncà
67%
6 MF Spain Denis Suárez
67%
- Coach Argentina Eduardo Coudet
67%
20 DF Spain Kevin Vázquez
67%
5 MF Turkey Okay Yokuslu
67%
22 FW Spain Santi Mina
67%
9 FW Spain Nolito
58%
25 GK Spain Sergio Álvarez
58%
3 DF Spain David Costas
50%
15 DF Uruguay Lucas Olaza
50%
12 FW Argentina Facundo Ferreyra
42%
19 DF Spain Aarón Martín
33%
21 FW Argentina Augusto Solari
33%
27 MF Spain Miguel Baeza
25%
16 DF Spain Jorge Sáenz
17%
No matching quizzes found
Score Distribution
Percent of People with Each Score
Percentile by Number Answered
Your Score History
You have not taken this quiz since the last reset